000 nam a22 7a 4500
999 _c330701
_d330701
003 NUST
005 20180116124300.0
008 170731b xxu||||| |||| 00| 0 eng d
020 _a9693515587
040 _cNUST
082 _a954.91
_bGAZ
245 _aGazetteer of the Jehelum District 1904
260 _aLahore:
_bSang- e mil publications,
_c2004
300 _a280 p. ;
_bmaps and tables
650 _aHistory-Pakistan-Jehlum.
_vPunjab Government
_93669
942 _2ddc
_cBK